00259 a2200133 4500001000700000020000600007040001100013100001600024240003100040245002600071300000800097362000900105440001100114182795 a  cMagnum aMalba Tahan10aO homem que calculavalpor10aO homem que calculava a2580 a2004 1aRecord